O Colecionador / (Record no. 374)

MARC details
000 -LÍDER
campo de controle de tamanho fixo 01499nam a22003377a 4500
001 - NÚMERO DE CONTROLE
campo de controle 374
003 - IDENTIFICADOR DO NÚMERO DE CONTROLE
campo de controle OSt
005 - DATA E HORÁRIO DA ÚLTIMA TRANSAÇÃO
campo de controle 20250528074019.0
008 - CAMPO DE DADOS FIXOS--INFORMAÇÃO GERAL
campo de controle de tamanho fixo 250403b |||||||e |||| 00| 1 eng d
040 ## - FONTE DA CATALOGAÇÃO
Idioma da catalogação por
041 ## - CÓDIGO DE IDIOMA
Código do idioma do original e/ou traduções intermediárias do texto eng
Código do idioma do texto/trilha sonora ou título diferente por
082 ## - CDD - CLASSIFICAÇÃO DECIMAL DE DEWEY
Número de Classificação 823
Número do exemplar F789c
100 1# - ENTRADA PRINCIPAL--NOME PESSOAL
Nome pessoal Fowles, John,
Datas associadas ao nome 1926-2005.
9 (RLIN) 771
240 ## - TÍTULO UNIFORME
Título uniforme The Collector
245 ## - TÍTULO
Título O Colecionador /
Indicação de responsabilidade, etc. Fowles, John ; Tradução de Fernando de Castro Ferro
260 ## - PUBLICAÇÃO, DISTRIBUIÇÃO, ETC.
Local de publicação, distribuição, etc. São Paulo
Nome do editor, distribuidor, etc. Abril
Data da publicação, distribuição, etc. 1980
300 ## - DESCRIÇÃO FÍSICA
Extensão 234 p.
490 1# - TÍTULO DA SÉRIE
Título da série Grandes Sucessos - Abril Cultural
520 ## - NOTA DE RESUMO, ETC.
Resumo, etc. “O Colecionador” é o primeiro livro de John Fowles, escrito em 1963. O romance narra a história de Frederick Clegg, um funcionário público que coleciona borboletas e, subitamente, se torna dono de uma fortuna. Ele então passa a ter uma ambição: seqüestrar a bela Miranda, seu amor platônico. A trama se desenvolve com a disformidade da personalidade de Clegg, que tem a seu favor apenas a superioridade de força, contra a vitalidade e inteligência de Miranda que, contando com sua superioridade de caráter, confunde e ofusca o medíocre seqüestrador.
650 #0 - ASSUNTO--TERMO TÓPICO
Cabeçalho tópico ou nome geográfico Literatura Inglesa
9 (RLIN) 89
650 #0 - ASSUNTO--TERMO TÓPICO
Cabeçalho tópico ou nome geográfico Sequestro
9 (RLIN) 773
650 #0 - ASSUNTO--TERMO TÓPICO
Cabeçalho tópico ou nome geográfico Crime e Investigação
9 (RLIN) 13
650 #0 - ASSUNTO--TERMO TÓPICO
Cabeçalho tópico ou nome geográfico Amor e Paixão
9 (RLIN) 25
650 #0 - ASSUNTO--TERMO TÓPICO
Cabeçalho tópico ou nome geográfico Psicose
9 (RLIN) 774
650 #0 - ASSUNTO--TERMO TÓPICO
Cabeçalho tópico ou nome geográfico Filme
9 (RLIN) 26
655 #0 - TERMO DE ÍNDICE--GÊNERO E FORMA
Gênero/forma/ou termo foco Romance
655 #0 - TERMO DE ÍNDICE--GÊNERO E FORMA
Gênero/forma/ou termo foco Ficção
700 ## - ENTRADA ADICIONADA - NOME PESSOAL
Nome pessoal Fernando de Castro Ferro
Função do autor por extenso Tradutor
9 (RLIN) 334
830 ## - ENTRADA SECUNDÁRIA DE SÉRIE--TÍTULO UNIFORME
Título uniforme Grandes Sucessos - Abril Cultural
9 (RLIN) 142
942 ## - ELEMENTOS DE ENTRADA ADICIONADOS (KOHA)
Fonte de classificação ou esquema de arquivamento Classificação decimal de Dewey
Ocultar no OPAC Não
Tipo de material Koha Livros
Holdings
Situação do descarte Situação das perdas Fonte de classificação ou esquema de arquivamento Status danificado Não pode ser emprestado Coleção Biblioteca de origem Biblioteca atual Localização na estante Data de aquisição Fonte de aquisição Total de empréstimos Número de chamada completo Código de barras Data de último acesso Número do exemplar Data do preço efetivo Tipo de material Koha
    Classificação decimal de Dewey     Ficção Biblioteca Professor Eduardo Afonso de Castro Biblioteca Professor Eduardo Afonso de Castro Literatura Estrangeira 21.10.2010 doação   823 / F789c 2025-1125 03.04.2025 Ex. 01 03.04.2025 Livros
    Classificação decimal de Dewey     Ficção Biblioteca Professor Eduardo Afonso de Castro Biblioteca Professor Eduardo Afonso de Castro Literatura Estrangeira 19.11.2023 doação   823 / F789c 2025-12374 03.04.2025 Ex. 02 03.04.2025 Livros

Powered by Koha